. ديوان جحظة البرمكي (Record no. 14358)

MARC details
000 -LEADER
fixed length control field 00887nam a2200241 4500
008 - FIXED-LENGTH DATA ELEMENTS--GENERAL INFORMATION
fixed length control field b xx# ara u
010 ## - LIBRARY OF CONGRESS CONTROL NUMBER
LC control number 44296
040 ## - CATALOGING SOURCE
Original cataloging agency LB-BrCRDP
082 ## - DEWEY DECIMAL CLASSIFICATION NUMBER
Classification number 892.71/B258d
100 1# - MAIN ENTRY--PERSONAL NAME
Personal name . البرمكي، جحظة
130 0# - MAIN ENTRY--UNIFORM TITLE
Language of a work AR
240 ## - UNIFORM TITLE
Uniform title Diwan Jehzat
245 10 - TITLE STATEMENT
Title . ديوان جحظة البرمكي
Statement of responsibility, etc. حجظة البرمكي احمد بن جعفر ؛ جمعه وحققه جان توما ؛ اشراف سعدي ضناوي
260 ## - PUBLICATION, DISTRIBUTION, ETC.
Place of publication, distribution, etc. بيروت
Name of publisher, distributor, etc. دار صادر
Date of publication, distribution, etc. 1996
300 ## - PHYSICAL DESCRIPTION
Extent 230 ص . ؛
Dimensions 25 سم .
500 ## - GENERAL NOTE
General note * صفحة عنوان بالانكليزية * مراجع في آخر الكتاب
650 ## - SUBJECT ADDED ENTRY--TOPICAL TERM
Topical term or geographic name entry element البرمكي، حجظة
General subdivision ديوان
700 10 - ADDED ENTRY--PERSONAL NAME
Personal name توما، جان، محقق
700 10 - ADDED ENTRY--PERSONAL NAME
Personal name ضناوي، سعدي، مشرف
700 0# - ADDED ENTRY--PERSONAL NAME
Personal name Jehza Barmeky
942 ## - ADDED ENTRY ELEMENTS (KOHA)
Koha item type Books
Holdings
Withdrawn status Lost status Source of classification or shelving scheme Damaged status Not for loan Home library Current library Shelving location Date acquired Total Checkouts Full call number Barcode Date last seen Copy number Price effective from Koha item type
    Dewey Decimal Classification     مكتبة المطبعة - سن الفيل مكتبة المطبعة - سن الفيل Salle de Lecture 07/28/2016   892.71 B258d CRF005534 07/28/2016 1 07/28/2016 Books